[Event "Cap Aurora op"]
[Site "Cap Aurora"]
[Date "2013.06.22"]
[Round "1"]
[White "Dragulescu, Narcisa Lavinia"]
[Black "Manolache, Marius"]
[Result "0-1"]
[WhiteElo "1863"]
[BlackElo "2504"]
[PlyCount "64"]
[EventDate "2013.06.22"]
[EventType "swiss"]
[EventRounds "9"]
[EventCountry "ROU"]
[SourceTitle "CBM 155 Extra"]
[Source "ChessBase"]
[SourceDate "2013.08.26"]
[SourceVersion "1"]
[SourceVersionDate "2013.08.26"]
[SourceQuality "1"]

1. e4 g6 2. d4 Bg7 3. Nc3 d6 4. Bg5 Nc6 5. Nge2 h6 6. Bh4 Nf6 7. Qd2 a6 8. 0-0-0 b5 9. f3 Bb7 10. d5 Ne5 11. Nd4 0-0 12. Bf2 Qd7 13. h4 h5 14. Be3 Rfc8 15. g3 c5 16. Bh3 cxd4 17. Bxd7 dxc3 18. bxc3 Nfxd7 19. Bd4 Nxf3 20. Qf4 Nfe5 21. Rhf1 Rf8 22. Kb2 Rac8 23. Kb1 Rc4 24. a3 Nc5 25. Ka2 Na4 26. Kb3 Bc8 27. Qg5 Rc7 28. Rf2 Bg4 29. Rdf1 f6 30. Qe3 Rfc8 31. Re1 Nc4 32. Qf4 e5 0-1